00969 2200337 4500001002100000005001500021035002000036007000300056040001700059100002200076245009500098250001000193300003700203020001800240041000800258082001100266084001700277090002100294264003600315336002100351337003000372338002300402650001000425850001000435008004100445504002500486700004800511990002400559990002400583990002400607INLIS00000000000614420260419121120 a0010-0322000388ta aSBPUPADbInd0 aKansilePengarang1 aPokok Pokok Pengetahuan Hukum dagang Indonesia /cKansil ;Pengarang Ke-2 ,Christine Kansil aCet.3 axvi, 669 hal. :billus. ;c21 cm a979-8767-88-80 aInd a346.07 a346.07 KAN p a346.07 ABD h 8-5 aJakarta :bSinar Grafika,c2006 2rdacontentaTeks 2rdamediaaTanpa Perantara 2rdacarrieravolume 4aHukum aPUPAD260419 0  aBibliografi, hlm 6670 aPengarang Ke-2 ,Christine KansilePengarang a6592/ARPUS/PDG/2007 a6593/ARPUS/PDG/2007 a6701/ARPUS/PDG/2007